000 00778nam a22002297a 4500
005 20170124105941.0
010 _aB-63962
020 _c00.00
_a0195639464
035 _aB-63962
037 _bCen Lib/Ret
040 _aDPL
_bEN
082 _a338.954
_bCHE
100 _aChelliah, Raja J.
_911331
245 _aTowards sustainable growth :
_cby Raja J. Chelliah
_bessays in fiscal and financial sector reforms in india /
260 _aNew Delhi
_bOxford University Press
_c1996
270 _aYMCA Library Building, Jai Singh Road
_bNew Delhi
_e110001
300 _axvi,220p.
_c21cmHb)
500 _aIncludes index
650 _aFinancial and fiscal in asian countries
_911332
650 _aEconomic development
_91481
942 _2ddc
_cEN
_h338.954
_mCHA
999 _c124603
_d124603